书目信息 |
| 题名: |
梁思成与林徽因:一对探索中国建筑史的伴侣
|
|
| 作者: | 费慰梅 著 | |
| 分册: | ||
| 出版信息: | 北京 中国文联出版公司 1997.09 |
|
| 页数: | 250页 | |
| 开本: | 32开 | |
| 丛书名: | ||
| 单 册: | ||
| 中图分类: | K826 | |
| 科图分类: | ||
| 主题词: | 人物--传记--中国 | |
| 电子资源: | ||
| ISBN: | 7-5059-2674-8 | |
| 000 | 00657nam0 2200193 45 | |
| 001 | 0012180881 | |
| 005 | 20001218083825.1 | |
| 010 | @a7-5059-2674-8@d23.80元 | |
| 100 | @a20001218d1997 km y0chiy0120 ea | |
| 101 | 0 | @achi |
| 105 | @a z 000yy | |
| 200 | 1 | @a梁思成与林徽因:一对探索中国建筑史的伴侣@ALiang Si Cheng Yu Lin Hui Yin:Yi Dui Tan Suo Zhong Guo Jian Zhu Shi De Ban Lu@f(美)费慰梅著;曲莹璞等译@F(Mei)Fei Wei Mei Zhu;Qu Ying Pu Deng Yi |
| 210 | @a北京@c中国文联出版公司@d1997.09 | |
| 215 | @a250页@d32开 | |
| 606 | 0 | @a人物@x传记@x中国 |
| 690 | @aK826@v3 | |
| 701 | 0 | @a费慰梅@4著 |
| 801 | @aCN@bPftUser@c20001218 | |
| 905 | @b313266@dK826@eF515@f1 | |
| 梁思成与林徽因:一对探索中国建筑史的伴侣/(美)费慰梅著;曲莹璞等译.-北京:中国文联出版公司,1997.09 |
| 250页;32开 |
| ISBN 7-5059-2674-8:23.80元 |
| ● |
| 相关链接 |
|
|
|
正题名:梁思成与林徽因:一对探索中国建筑史的伴侣
索取号:K826/F515
 
预约/预借
| 序号 | 登录号 | 条形码 | 馆藏地/架位号 | 状态 | 备注 |
| 1 | 313266 | 203132662 | 社科库309/309社科库 55排3列1层/ [索取号:K826/F515] | 在馆 |